00558 2200229 4500001002100000005001700021008004100038020001800079035002500097040001200122082000800134084001400142100001600156245002300172250001000195260004000205300002600245650001300271850001200284990001600296990001600312INLIS00000000000760520150709142942.0  a979-709-185-6 a0010-071500000000288 aYOPDYOG a920 a920 Yus E aYusuf, Daud aEmakc/ Daud Yusuf aCet.2 aJakartabPenerbit Buku Kompasc2005 axii 306 hlm.c; 21 cm aBiografi aYOPDYOG a756-PK/B.05 a757-PK/B.05